00979nam a22002297a 4500003000900000008004100009040007100050082002400121100001500145245006600160260005300226300001900279440006600298505017200364650002200536650001700558650001300575700003700588700005000625700003200675700004200707AR-CdUCM190411b ||||| |||| 00| 0 spa d aMUNICIPALIDAD PROVINCIAL DEL CUSCOcBIBLIOTECA MUNICIPAL DEL CUSCO 22ed.a330.12 /bW35 aWeber, Max aEconomía y sociedad :besbozo de sociología comprensiva / aMéxico :bFondo de Cultura Económica,c1964. atomos.c23 cm. aSección de Obras de Sociología, Economía y sociedad.n2 aContenido:t.1: Teorías de las categorías sociales, Conceptos sociológicos fundamentales -- , t.2: Las comunidades políticas -- Sociología de la dominación. aEconomía social aSociología aSociedad aWickelmann, Johannes (edición) aMedina Echavarría, José (nota preliminar) aMedina Echavarría, José aRoura Parella, Juan ... (traductores)